North American Countries in 1 minute - Statistics

General Stats
  • This quiz has been taken 70 times
    67 since last reset
  • The average score is 21 of 23
Answer Stats
Answer Capital % Correct
United States of America Washington D.C.
100%
Canada Ottawa
98%
Mexico Mexico City
98%
El Salvador San Salvador
96%
Guatemala Guatemala City
96%
Jamaica Kingston
96%
Panama Panama City
96%
Dominica Roseau
93%
Costa Rica San Jose
91%
Cuba Havana
91%
Dominican Republic Santo Domingo
91%
Haiti Port au Prince
91%
Honduras Tegucigalpa
91%
Saint Kitts and Nevis Basseterre
91%
Saint Lucia Castries
91%
Nicaragua Managua
89%
Antigua and Barbuda St. John's
87%
Belize Belmopan
87%
Grenada St. George's
87%
The Bahamas Nassau
87%
Saint Vincent and the Grenadines Kingstown
85%
Trinidad and Tobago Port of Spain
85%
Barbados Bridgetown
78%
No matching quizzes found
Score Distribution
Percent of People with Each Score
Percentile by Number Answered
Your Score History
You have not taken this quiz since the last reset